| 000 | 00966nam a22002417a 4500 | ||
|---|---|---|---|
| 005 | 20240530110406.0 | ||
| 008 | 150203s2010 ua o f 000 0 ara d | ||
| 017 |
_a2010/1821 _bمصر . دار الكتب المصرية |
||
| 020 | _a9789773683121 | ||
| 040 | _aEG-CaGPL | ||
| 041 | 0 | _aara | |
| 082 | 0 | 4 |
_221 _a616.203\ _bع أ |
| 100 | 0 | _aعبدالحميد محمد عمر الشيخ | |
| 245 | 1 | 0 |
_aانفلونزا الخنازير بين التهوين و التهويل / _cعبدالحميد محمد عمر الشيخ |
| 250 | _aط 1 | ||
| 260 |
_aالاسكندرية : _bمؤسسة حور الدولية للنشر و التوزيع ، _c2010 |
||
| 300 |
_a132 ص : _bصور ؛ _c24 سم |
||
| 504 | _aيشتمل على ارجاعات ببليوجرافية | ||
| 650 | 0 | 4 | _aانفلوانزا الخنازير |
| 650 | 0 | 4 |
_aانفلوانزا الخنازير _xطرق علاج |
| 942 |
_2ddc _cBK |
||
| 999 |
_c60368 _d60368 |
||